Little women / Louisa May Alcott.
The classic story of the March family whose 4 daughters are growing up in New England in the mid-1800s. There are numerous sequels, for example, Little Men and Jo's Boys. Annotation. Little Women is the heartwarming story of the March family that has thrilled generations of readers. It is the story of four sisters--Jo, Meg, Amy and Beth-- and of the courage, humor and ingenuity they display to survive poverty and the absence of their father during the Civil War.
Record details
- ISBN: 9780760720004
- ISBN: 0760720002
- ISBN: 9780140390698
- Physical Description: x, 469 pages ; 22 cm.
- Publisher: New York : Barnes & Noble Books, ♭2000.
Search for related items by subject
| Subject: | March family (Fictitious characters) > Fiction. Mothers and daughters > Fiction. Young women > Fiction. Sisters > Fiction. New England > Fiction. |
| Genre: | Domestic fiction. Autobiographical fiction. |
Available copies
- 1 of 1 copy available at scottsboropl.
Holds
- 0 current holds with 1 total copy.
Show Only Available Copies
| Location | Call Number / Copy Notes | Barcode | Shelving Location | Status | Due Date |
|---|---|---|---|---|---|
| scottsboropl | F Alc | 32269001131963 | Adult - Fiction | Available | - |
| LDR | 01318cam a2200373Ia 4500 | ||
|---|---|---|---|
| 001 | 152728 | ||
| 003 | SBPL | ||
| 005 | 20220627184319.0 | ||
| 008 | 000817s2000 nyu j 000 1 eng d | ||
| 020 | . | ‡a9780760720004 ‡q(hardcover) | |
| 020 | . | ‡a0760720002 ‡q(hardcover) | |
| 020 | . | ‡a9780140390698 ‡q(pbk.) | |
| 020 | . | ‡z0140390693 ‡q(pbk.) | |
| 035 | . | ‡a(CONS)152728 | |
| 035 | . | ‡a(CPomAG)LMN614685 | |
| 043 | . | ‡an-usn-- | |
| 050 | 4. | ‡aPS1017 ‡b.L5 2000 | |
| 082 | 1 | 4. | ‡aFic ‡bAlcott |
| 100 | 1 | . | ‡aAlcott, Louisa May, ‡d1832-1888. |
| 245 | 1 | 0. | ‡aLittle women / ‡cLouisa May Alcott. |
| 260 | . | ‡aNew York : ‡bBarnes & Noble Books, ‡c♭2000. | |
| 300 | . | ‡ax, 469 pages ; ‡c22 cm. | |
| 336 | . | ‡atext ‡btxt ‡2rdacontent | |
| 337 | . | ‡aunmediated ‡bn ‡2rdamedia | |
| 338 | . | ‡avolume ‡bnc ‡2rdacarrier | |
| 520 | . | ‡aThe classic story of the March family whose 4 daughters are growing up in New England in the mid-1800s. There are numerous sequels, for example, Little Men and Jo's Boys. Annotation. Little Women is the heartwarming story of the March family that has thrilled generations of readers. It is the story of four sisters--Jo, Meg, Amy and Beth-- and of the courage, humor and ingenuity they display to survive poverty and the absence of their father during the Civil War. | |
| 600 | 0. | ‡aMarch family (Fictitious characters) ‡vFiction. | |
| 650 | 0. | ‡aMothers and daughters ‡vFiction. | |
| 650 | 0. | ‡aYoung women ‡vFiction. | |
| 650 | 0. | ‡aSisters ‡vFiction. | |
| 651 | 1. | ‡aNew England ‡vFiction. | |
| 655 | 7. | ‡aDomestic fiction. ‡2lcgft | |
| 655 | 7. | ‡aAutobiographical fiction. ‡2lcgft | |
| 901 | . | ‡a152728 ‡bUnknown ‡c152728 ‡tbiblio | |